000 00512cam a2200157 a 4500
001 000007294
005 20200929154125.0
008 831208m1988 ncua d 001 0ceng d
040 _aDO-SdBNP
_bspa
_cBNPHU
082 _axxxx
_bxxxx
245 0 0 _aWorld biographical hall of fame /.
260 _aRaleigh, North Carolina, U.S.A. :
_bHistorical Preservations of America,
_c1988.
300 _av. :
_bil. ;
_c27 cm.
500 _aLa biblioteca posee el v. 2
710 2 _aHistorical Preservations of America, Inc.
_920256
999 _c7075
_d7075